Antología mínima, Rolando Escardo (1925-1975) : cincuenta aniversario de su nacimiento.

Furkejuvvon:
Bibliográfalaš dieđut
Materiálatiipa: Dovdameahttun
Giella:Spanish
Almmustuhtton: [Lugar de publicación no identificado] : Consejo Nacional de Cultura, 1975.
Fáttát:
Fáddágilkorat: Lasit fáddágilkoriid
Eai fáddágilkorat, Lasit vuosttaš fáddágilkora!

MARC

LEADER 000000000a22000000004500
001 002657
041 0 |a spa 
082 0 4 |a Cu861   |b C755a 
245 0 0 |a Antología mínima, Rolando Escardo (1925-1975) :   |b cincuenta aniversario de su nacimiento. 
260 1 |a [Lugar de publicación no identificado] :   |b Consejo Nacional de Cultura,   |c 1975. 
650 4 |a ESCARDO, ROLANDO 
650 4 |a ANTOLOGIA 
999 |c 9031  |d 9031 
942 |c BK  |h Cu861 C755a  |2 z